Japanese retailing
| Main Author: | |
|---|---|
| Format: | Book |
| Published: |
London:
Routledge,
1994.
|
| Subjects: |
| LEADER | 00415cam a2200157 7i4500 | ||
|---|---|---|---|
| 001 | 0000003146 | ||
| 005 | 19991025090000.0 | ||
| 002 | ##000004483 | ||
| 020 | 0 | 0 | |a 0-415-08362-1 |
| 090 | 0 | 0 | |a JAPN 381.1 |b LAR |
| 100 | 1 | 0 | |a Larke |
| 245 | 1 | 0 | |a Japanese retailing |c Roy Larke. |
| 260 | 0 | 0 | |a London: |b Routledge, |c 1994. |
| 300 | 0 | 0 | |a 286 p.. |
| 650 | 0 | 0 | |a Retail marketing |
| 999 | |a 0000004497 |b Book |c Open shelf |e Business Information Centre | ||


